000 00414nam a2200157Ia 4500
005 20250424120257.0
008 250424s9999 xx 000 0 und d
022 _a15533778
050 _aHG 1 .J68/
245 0 _aJournal of finance literature
260 _bCollege of Commerce and Finance: Villonova University
260 _c2005
300 _a90 p. ; 24 cm.
650 _aFinance--Periodicals.
942 _cSR
999 _c38401
_d38401